[Event "BRA-ch U16"]
[Site "Volta Redonda"]
[Date "2001.05.06"]
[Round "6.5"]
[White "Costa e Silva, Mikhael"]
[Black "Ferreira, Henrique Camara"]
[Result "0-1"]
[WhiteElo "1307"]
[BlackElo "2011"]
[PlyCount "50"]
[EventDate "2001.05.??"]
[EventType "swiss"]
[EventRounds "6"]
[EventCountry "BRA"]
[SourceTitle "EXT 2003"]
[Source "ChessBase"]
[SourceDate "2002.11.25"]
[SourceVersion "1"]
[SourceVersionDate "2002.11.25"]
[SourceQuality "1"]

1. d4 Nf6 2. c4 e6 3. Nc3 c5 4. d5 exd5 5. cxd5 d6 6. Nf3 g6 7. Bg5 Bg7 8. g3 0-0 9. Bg2 h6 10. Bxf6 Qxf6 11. a4 Na6 12. 0-0 Re8 13. Re1 Nb4 14. Rc1 Bd7 15. h3 Qd8 16. e3 a6 17. Ra1 b6 18. Qd2 Qc8 19. Na2 Nxa2 20. Rxa2 Bxh3 21. Kh2 Bf5 22. Nh4 Bg4 23. Rc1 Qb7 24. Bf1 g5 25. Ng2 Bf3 0-1